Surveillance arbovírusových infekcií Slovensko 1984
| Format: | Book |
|---|---|
| Language: | English |
| PhysicalDescription: | 9 s. |
| Published: |
Bratislava
Komisia vlády SSR
1984
|
MARC
| LEADER | 00000nam a2200000 a 4500 | ||
|---|---|---|---|
| 001 | vtls001519932 | ||
| 003 | SK-MaSNL | ||
| 005 | 20260224203852.0 | ||
| 008 | 050316 000 0 eng | ||
| 040 | |a SNK |b slo |c SNK |e AACR2 | ||
| 245 | 1 | |a Surveillance arbovírusových infekcií |b Slovensko 1984 | |
| 260 | |a Bratislava |b Komisia vlády SSR |c 1984 | ||
| 300 | |a 9 s. | ||
| 999 | |c 1162792 |d 1164722 | ||
| 952 | |a SNK |b SNK |y VYP |7 0 |p 17A0462814 |o snkOSB 6125 D1 |i snkKSP 3387/86 |3 rekatalogizácia |0 0 |1 0 |4 0 |d 2005-03-16 |l 0 |r 2026-02-24 20:38:52 |w 2026-02-24 | ||


